| 000 | 00454pab a2200169 454500 | ||
|---|---|---|---|
| 008 | 180718b2007 xxu||||| |||| 00| 0 eng d | ||
| 100 | _aDufour, Mathieu | ||
| 245 | _aInternational financial crises: scourge or blessings in disguise? | ||
| 260 | _c2007 | ||
| 300 | _ap.342-50. | ||
| 362 | _aSummer | ||
| 650 | _aFinancial recession | ||
| 700 | _aOrhangazi, Ozgur | ||
| 773 | _aReview of Radical Political Economics | ||
| 908 | _aN | ||
| 909 | _a76157 | ||
| 999 |
_c76157 _d76157 |
||